Flagi świata w negatywie - Statystyki

Ogólne statystyki
  • Ten quiz został rozwiązany 2 287 razy
  • Średni wynik to 18 z 24
Statystyki odpowiedzi
Obrazkowy Odpowiedź % Poprawnych
Republika Południowej Afryki
96%
Słowenia
93%
Algieria
91%
Brazylia
91%
Korea Południowa
91%
Chorwacja
89%
Hiszpania
89%
Panama
89%
Albania
88%
Katar
85%
Dania
83%
Malezja
80%
Jamajka
79%
Argentyna
78%
Egipt
77%
Kambodża
70%
Kolumbia
67%
Kuba
64%
Francja
62%
Fidżi
55%
Belgia
50%
Sudan
49%
Węgry
41%
Holandia
35%
Nie znaleziono quizów pasujących do podanych kryteriów
Rozkład punktacji
Procent ludzi z każdym wynikiem
Percentyl według liczby udzielonych odpowiedzi
Twoja historia wyników
Nie rozwiązałeś tego quizu